000
00301nam a22001337a 4500
020
_a
978-923-83080-69-4
082
_a
894.812.3
_b
SAC/A
100
_a
KANAGHARAGHAVAN
245
_a
ATHIMARAVUM THATHAYUM
260
_a
THRISSUR
_b
H & C BOOKS
_c
2022
300
_a
48
520
_a
SHORT STORY
942
_c
BK
999
_c
7629
_d
7629